Петрология магматических процессов

التفاصيل البيبلوغرافية
المؤلف الرئيسي: Шарков Е. В. Евгений Витальевич
اللغة:الروسية
منشور في: Москва, Недра, 1983
الموضوعات:
التنسيق: كتاب
KOHA link:https://koha.lib.tpu.ru/cgi-bin/koha/opac-detail.pl?biblionumber=176091

MARC

LEADER 00000nam0a2200000 4500
001 176091
005 20231031165209.0
035 |a (RuTPU)RU\TPU\book\190913 
090 |a 176091 
100 |a 20100222d1983 k y0rusy50 ca 
101 0 |a rus 
102 |a RU 
105 |a a z 001zy 
200 1 |a Петрология магматических процессов  |f Е. В. Шарков 
210 |a Москва  |c Недра  |d 1983 
215 |a 200 с.  |c ил. 
320 |a Библиогр.: с. 196-197. 
320 |a Предметный указатель: с. 198-199. 
610 1 |a магматические процессы 
610 1 |a петрология 
610 1 |a интрузивы 
610 1 |a геологическое строение 
610 1 |a физико-химические основы 
610 1 |a горные породы 
675 |a 552.11  |v 3 
700 1 |a Шарков  |b Е. В.  |g Евгений Витальевич 
801 1 |a RU  |b 63413507  |c 20100222 
801 2 |a RU  |b 63413507  |c 20151021  |g RCR 
942 |c BK